[Event "Dos Hermanas Blitz Final"]
[Site "ICC INT"]
[Date "2010.03.19"]
[Round "2.2"]
[White "Lastin,A"]
[Black "Khusnutdinov,R"]
[Result "1-0"]
[WhiteElo "2643"]
[BlackElo "2527"]

1.e4 c5 2.Nf3 e6 3.d4 cxd4 4.Nxd4 Nc6 5.Nc3 Qc7 6.Be2 Nf6 7.Be3 Be7 8.f4 d6
9.Qd2 Nxd4 10.Bxd4 e5 11.Be3 b6 12.O-O-O Bb7 13.Nb5 Qd7 14.Nxd6+ Bxd6 15.Qxd6 Qxd6
16.Rxd6 O-O 17.fxe5 Nxe4 18.Rd7 Bc6 19.Rc7 Rfc8 20.Rxc8+ Rxc8 21.Rf1 Re8
22.Bd4 Nc5 23.Bc4 Ne6 24.Bc3 Bxg2 25.Rd1 Bc6 26.Rd6 Be4 27.a4 Re7 28.b3 g5
29.Bb4 Nc5 30.a5 Nd7 31.Rd4  1-0

[Event "Bundesliga 2009-10"]
[Site "Katernberg GER"]
[Date "2010.03.20"]
[Round "12"]
[White "Baramidze,D"]
[Black "Firman,N"]
[Result "1-0"]
[WhiteElo "2532"]
[BlackElo "2571"]

1.e4 c5 2.Nf3 e6 3.d4 cxd4 4.Nxd4 Nc6 5.Nc3 d6 6.Be2 Nf6 7.Be3 Be7 8.f4 O-O
9.O-O Nxd4 10.Bxd4 b6 11.Qd3 Bb7 12.Rad1 Qc8 13.Qg3 Rd8 14.Kh1 Rd7 15.Bd3 Bc6
16.e5 Nh5 17.Qg4 g6 18.f5 exf5 19.Bxf5 dxe5 20.Bxd7 Bxd7 21.Qf3 Bf6 22.Nd5 exd4
23.Nxf6+ Nxf6 24.Qxf6 Be6 25.Rxd4  1-0

[Event "Bundesliga 2009-10"]
[Site "Katernberg GER"]
[Date "2010.03.20"]
[Round "12"]
[White "Berelowitsch,A"]
[Black "Babula,V"]
[Result "1/2-1/2"]
[WhiteElo "2551"]
[BlackElo "2569"]

1.e4 c5 2.Nf3 e6 3.d4 cxd4 4.Nxd4 Nc6 5.Nc3 d6 6.g4 h6 7.h3 Nf6 8.Bg2 Bd7
9.Be3 Ne5 10.Qe2 Rc8 11.O-O a6 12.f4 Nc4 13.Bf2 Nxb2 14.Rab1 Rxc3 15.Rxb2 Rc7
16.Rfb1 Bc8 17.Rd1 Nd7 18.Nf3 Be7 19.e5 dxe5 20.Nxe5 Ba3 21.Rb3 Qe7 22.Nxd7 Rxd7
23.Rxd7 Bxd7 24.Rxb7 O-O 25.Qxa6 Bc5 26.Qe2 Rc8 27.c4 Qd6 28.Bxc5 Rxc5 29.Ra7  1/2-1/2

[Event "Bundesliga 2009-10"]
[Site "Tegel GER"]
[Date "2010.03.20"]
[Round "12"]
[White "Agopov,M"]
[Black "Teske,H"]
[Result "1/2-1/2"]
[WhiteElo "2452"]
[BlackElo "2545"]

1.e4 c5 2.Nf3 Nc6 3.d4 cxd4 4.Nxd4 e6 5.Nc3 Nf6 6.Nxc6 bxc6 7.e5 Nd5 8.Ne4 f5
9.Nd6+ Bxd6 10.exd6 Qa5+ 11.Bd2 Qc5 12.c4 Nf6 13.Bc3 Ne4 14.Qd4 Qxd4 15.Bxd4 Nxd6
16.c5 Ne4 17.Bxg7 Rg8 18.Bd4 Ke7 19.O-O-O a5 20.f3 Nf6  1/2-1/2

[Event "JNBS UWI Masters"]
[Site "Kingston JAM"]
[Date "2010.03.21"]
[Round "9"]
[White "Elliott,W"]
[Black "Zivanic,M"]
[Result "0-1"]
[WhiteElo "2264"]
[BlackElo "2490"]

1.e4 c5 2.Nf3 e6 3.d4 cxd4 4.Nxd4 Nc6 5.Nc3 Qc7 6.Be3 a6 7.Bd3 Nf6 8.O-O h5
9.h3 b5 10.a3 Bb7 11.Re1 Bd6 12.Be2 Bh2+ 13.Kh1 Be5 14.Bf3 Rc8 15.Nxc6 Bxc6
16.Bd4 Kf8 17.Nd5 Qd6 18.Bxe5 Qxe5 19.Nxf6 gxf6 20.c3 Ke7 21.Qd2 d6 22.Rad1 Bb7
23.Qe3 Rhd8 24.Rd4 Qc5 25.Qh6 Rh8 26.Qd2 Rhg8 27.Rd1 Rcd8 28.Rd3 Rg5 29.e5 Bxf3
30.exf6+ Kxf6 31.Rxf3+ Ke7 32.Qf4 Rf5 33.Qh4+ f6 34.Rxf5 Qxf5 35.Qg3 Qg5
36.Qf3 d5 37.Qd3 Rg8 38.g3 Rg7 39.Qd4 Qf5 40.Kg2 Qe4+ 41.Qxe4 dxe4 42.Rd4 f5
43.a4 h4 44.axb5 axb5 45.g4 Kf6 46.Kh2 Ke5 47.gxf5 exf5 48.Rb4 Kf4 49.Rxb5 Rg5
50.c4 Kf3 51.c5 Kxf2 52.c6 e3 53.c7 e2  0-1

[Event "4th G. Agzamov Mem"]
[Site "Tashkent UZB"]
[Date "2010.03.23"]
[Round "1"]
[White "Djuraev,S"]
[Black "Mukashev,A"]
[Result "1-0"]
[WhiteElo "2411"]
[BlackElo "2125"]

1.e4 c5 2.Nf3 e6 3.Nc3 Nc6 4.d4 cxd4 5.Nxd4 Nf6 6.Ndb5 Bb4 7.a3 Bxc3+ 8.Nxc3 d5
9.exd5 exd5 10.Bd3 O-O 11.O-O d4 12.Ne2 Re8 13.b4 a6 14.h3 b5 15.Bg5 Bb7
16.Ng3 Ne5 17.Be4 Bxe4 18.Nxe4 Neg4 19.Re1 Rxe4 20.hxg4 Rxe1+ 21.Qxe1 h6
22.Bxf6 Qxf6 23.Qe4 Rc8 24.Rd1 Rc3 25.Rxd4 Rxa3 26.g3 Rc3 27.Rd7 Rc8 28.Kg2 g6
29.Qd3 Rc3 30.Qd2 Qc6+ 31.Kh2 Rxc2 32.Rd8+ Kh7 33.Qd4 f6 34.Qa7+ Qc7 35.Rd7+  1-0

[Event "TOP 16 GpB"]
[Site "Clichy FRA"]
[Date "2010.03.26"]
[Round "1"]
[White "Koch,JR"]
[Black "Tregubov,P"]
[Result "1-0"]
[WhiteElo "2470"]
[BlackElo "2625"]

1.e4 c5 2.Nf3 e6 3.d4 cxd4 4.Nxd4 Nc6 5.Nc3 Nf6 6.Ndb5 d6 7.Bf4 e5 8.Bg5 a6
9.Na3 b5 10.Nd5 Be7 11.Bxf6 Bxf6 12.c4 b4 13.Nc2 O-O 14.Be2 a5 15.Qd3 Bg5
16.Rd1 Be6 17.O-O g6 18.b3 Qb8 19.Qg3 Bd8 20.f4 exf4 21.Nxf4 Bc8 22.Bg4 Bxg4
23.Qxg4 a4 24.Kh1 axb3 25.axb3 Ra2 26.Nd4 Nxd4 27.Rxd4 Bf6 28.Rd3 Be5 29.Nd5 Qb7
30.Qh4 Rfa8 31.Rdf3 R2a7 32.Rh3 h5 33.Rhf3 Kg7 34.Qg5 Ra1 35.Nf6 Rxf1+ 36.Rxf1 Ra3
37.Nxh5+ Kh7 38.Nf6+ Bxf6 39.Qxf6 Rxb3 40.h3 Kg8 41.Rf4 Qa7 42.Kh2 Rb1 43.c5  1-0

[Event "ch-VIE"]
[Site "Ho Chi Minh City VIE"]
[Date "2010.03.26"]
[Round "1"]
[White "Nguyen Van Hai"]
[Black "Le Quang Liem"]
[Result "0-1"]
[WhiteElo "2300"]
[BlackElo "2689"]

1.e4 c5 2.Nf3 Nc6 3.d4 cxd4 4.Nxd4 e6 5.Nc3 d6 6.Be3 Nf6 7.f3 Be7 8.Qd2 O-O
9.O-O-O a6 10.g4 Nxd4 11.Qxd4 b5 12.g5 Nd7 13.h4 Qa5 14.h5 b4 15.h6 gxh6
16.Rg1 h5 17.Nb1 Ne5 18.Be2 Ng6 19.Bc4 Qc7 20.Nd2 a5 21.Nf1 Ne5 22.Be2 Ba6
23.Bxa6 Rxa6 24.Nh2 Rc8 25.Rg2 Rc6 26.Rdd2 a4 27.Qa7 Nc4 28.Rde2 a3 29.b3 Nxe3
30.Qxc7 R6xc7 31.Rxe3 Rc3 32.Nf1 Kg7 33.f4 h6 34.gxh6+ Kxh6 35.Re1 Rf3 36.f5 Bg5+
37.Kd1 exf5 38.Ng3 Bh4  0-1

[Event "ch-VIE"]
[Site "Ho Chi Minh City VIE"]
[Date "2010.03.26"]
[Round "1"]
[White "Nguyen Thanh Nghia"]
[Black "Nguyen Anh Dung"]
[Result "0-1"]
[WhiteElo "2206"]
[BlackElo "2464"]

1.e4 c5 2.Nf3 Nc6 3.d4 cxd4 4.Nxd4 e6 5.Nc3 Qc7 6.Be2 Nf6 7.O-O a6 8.a3 Bd6
9.h3 Nxd4 10.Qxd4 Be5 11.Qe3 b5 12.Bd2 Bb7 13.Bd3 d5 14.exd5 Nxd5 15.Nxd5 Bxd5
16.a4 O-O 17.c3 Rad8 18.Rfe1 Bh2+ 19.Kh1 Bd6 20.axb5 axb5 21.Qe2 Qb7 22.Be4 Bc5
23.Bxd5 Rxd5 24.Be3 Bxe3 25.Qxe3 Rfd8 26.Kg1 h6 27.Qe4 Qb6 28.Re3 Rd2 29.b4 Qc7
30.g3 R2d5 31.Kg2 g6 32.Rc1 Kg7 33.c4 Rd4 34.Qe5+ Qxe5 35.Rxe5 bxc4 36.Rc5 Rb8
37.R5xc4 Rxb4 38.Rxd4 Rxd4 39.Rc7 g5 40.Kf3 Kg6 41.Re7 h5 42.Rb7 h4 43.Rb3 hxg3
44.Kxg3 Kf5 45.Ra3 e5 46.Rf3+ Ke6 47.Ra3 f5 48.Ra6+ Rd6 49.Ra8 Rd3+ 50.Kg2 e4
51.Rg8 Kf6 52.Re8 Rd7 53.Kg3 Re7 54.Rf8+ Ke5 55.Rg8 f4+ 56.Kg4 Kd4 57.Rd8+ Kc3
58.Kxg5 e3 59.fxe3 fxe3 60.Rd1 e2 61.Re1 Kd2 62.Rh1 Rg7+ 63.Kh6 Rg2 64.h4 e1=Q
65.Rxe1 Kxe1 66.h5 Kf2 67.Kh7 Kf3 68.h6 Kf4 69.Kh8 Kf5 70.h7 Kg6  0-1

[Event "5th MGU Open"]
[Site "Sofia BUL"]
[Date "2010.03.28"]
[Round "6"]
[White "Nikolova,A"]
[Black "Tsekov,S"]
[Result "0-1"]
[WhiteElo "2348"]
[BlackElo "2227"]

1.e4 c5 2.Nf3 e6 3.d4 cxd4 4.Nxd4 Nc6 5.Nc3 a6 6.g3 Qc7 7.Bg2 Nf6 8.O-O d6
9.Re1 Be7 10.Nxc6 bxc6 11.e5 dxe5 12.Rxe5 O-O 13.Re1 Bb7 14.Qe2 Rad8 15.a3 c5
16.Ne4 Nxe4 17.Bxe4 Bxe4 18.Qxe4 Bf6 19.Rb1 Rd5 20.Qc4 Qb7 21.Be3 Bd4 22.Bf4 Qb5
23.Qe2 Qxe2 24.Rxe2 Rfd8 25.Kg2 g5 26.Bc7 Rc8 27.Ba5 c4 28.Bd2 Bf6 29.Be3 Kg7
30.c3 Rb8 31.Rg1 Kg6 32.Bc1 Kf5 33.h3 h5 34.g4+ hxg4 35.hxg4+ Kg6 36.Re4 Rc8
37.Rh1 Rc6 38.Re3 Rcd6 39.Reh3 Rd1 40.Rh6+ Kg7 41.Rh7+ Kg8 42.Be3 Rxh1 43.Rxh1 Kg7
44.Kf3 Kg6 45.Ke4 Bg7 46.Kf3 f5 47.gxf5+ exf5 48.Rg1 g4+ 49.Ke2 Bh6 50.f4 Rd7
51.Rb1 Re7 52.Kf2 Re4 53.b4 cxb3 54.Rxb3 Bxf4 55.Rb6+ Kg5 56.Bc5 Be5 57.Be7+ Kf4
58.Bh4 Bxc3 59.Bg3+ Kg5 60.Rxa6 f4 61.Bh2 Bd4+ 62.Kf1 g3 63.Bxg3 fxg3 64.Kg2 Kf4
65.Ra8 Re2+ 66.Kf1 Rf2+ 67.Ke1 Bc3+ 68.Kd1 g2 69.Rf8+ Ke3 70.Rg8 Rf1+ 71.Kc2 g1=Q
72.Rxg1 Rxg1 73.Kxc3 Rc1+ 74.Kb4 Kd4 75.a4 Rb1+ 76.Ka5 Kc5 77.Ka6 Ra1 78.a5 Kb4
79.Kb6 Rxa5  0-1

[Event "33rd Open"]
[Site "Donostia ESP"]
[Date "2010.03.31"]
[Round "4"]
[White "Meneses Gonzalez,K"]
[Black "Nortes Hernandez,P"]
[Result "1-0"]
[WhiteElo "2117"]
[BlackElo "1896"]

1.e4 c5 2.Nf3 e6 3.d4 cxd4 4.Nxd4 Nc6 5.Nc3 a6 6.Be2 Qc7 7.O-O Nf6 8.Be3 Be7
9.f4 d6 10.Qe1 Nxd4 11.Bxd4 e5 12.fxe5 dxe5 13.Qg3 Bc5 14.Bxc5 Qxc5+ 15.Kh1 Kf8
16.Nd5 Qd6 17.Nxf6 gxf6 18.Rad1 Qb6 19.Qa3+ Ke8 20.Rd6 Qc7 21.Rfd1 Qe7 22.Bb5+  1-0

[Event "III Montalvo Mem"]
[Site "Gran Canaria ESP"]
[Date "2010.03.31"]
[Round "3"]
[White "Cabrera Trujillo,J"]
[Black "Navarro Molina,D"]
[Result "1-0"]
[WhiteElo "2370"]
[BlackElo "1967"]

1.e4 c5 2.Nf3 e6 3.d4 cxd4 4.Nxd4 Nc6 5.Nc3 Qc7 6.Be3 a6 7.Qd2 b5 8.O-O-O b4
9.Na4 Nf6 10.f3 Ne5 11.Nb3 Rb8 12.Qd4 d6 13.Qa7 Qxa7 14.Bxa7 Rb7 15.Bf2 Rc7
16.Nb6 Nfd7 17.Nxc8 Rxc8 18.Bxa6 Ra8 19.Bb5 Rxa2 20.Be1 Ra8 21.Bxb4 Rb8 22.Bxd7+ Kxd7
23.Bc3 Nc4 24.Rd4 Rc8 25.Nd2 Nxd2 26.Rxd2 Rxc3 27.bxc3 g6 28.Rd4 Bg7 29.Rc4 d5
30.Rd1 Kd6 31.Rd3 Ra8 32.Rb4 Kc6 33.Kb2 Ra7 34.Rd1 Kc5 35.Kb3 Kc6 36.Kb2 Kc5
37.Rd3 f5 38.g3 h5 39.exd5 exd5 40.Rb8 Rd7 41.Rc8+ Kb5 42.Kb3 Kb6 43.Re8 Rd6
44.Rde3 Kc5 45.R3e6 g5 46.Rc8+  1-0

[Event "Doeberl Cup"]
[Site "Canberra AUS"]
[Date "2010.04.01"]
[Round "2"]
[White "Broekhuyse,P"]
[Black "Kunte,A"]
[Result "0-1"]
[WhiteElo "2103"]
[BlackElo "2515"]

1.e4 c5 2.Nf3 e6 3.d4 cxd4 4.Nxd4 Nc6 5.Nc3 Qc7 6.Be2 a6 7.Be3 Nf6 8.Qd2 Bb4
9.Bf3 Ne5 10.Bf4 d6 11.Bxe5 dxe5 12.Nde2 O-O 13.O-O-O b5 14.Rhe1 Bb7 15.Ng3 Ba5
16.Qd6 Rac8 17.Qxc7 Rxc7 18.Re3 Rfc8 19.Red3 Rc4 20.a3 g6 21.Re3 Bxc3 22.bxc3 Rxc3
23.Rxc3 Rxc3 24.Rd8+ Kg7 25.Rb8 Rc7 26.Kb2 Nd7 27.Re8 Nc5 28.h4 h5 29.Rd8 Kf6
30.Rd2 Ke7 31.Re2 Na4+ 32.Kb3 Rc3+ 33.Kb4 Kd6 34.Rd2+ Kc7 35.Ne2 Rc4+ 36.Kb3 Nc5+
37.Kb2 Bxe4 38.Ng1 Bxf3 39.Nxf3 f6 40.g3 Na4+ 41.Ka2 Nc3+ 42.Kb2 Nd5 43.Ng1 Rd4
44.Re2 e4 45.Nh3 e5  0-1

[Event "XXXVII Open"]
[Site "La Roda Albacete ESP"]
[Date "2010.04.01"]
[Round "3"]
[White "Gonzalez Vidal,Y"]
[Black "Ramiro Ovejero,J"]
[Result "1-0"]
[WhiteElo "2512"]
[BlackElo "2375"]

1.e4 c5 2.Nf3 e6 3.d4 cxd4 4.Nxd4 Nc6 5.Nc3 Qc7 6.Be2 a6 7.O-O Nf6 8.Be3 Bb4
9.Na4 Be7 10.Nxc6 bxc6 11.Nb6 Rb8 12.Nxc8 Qxc8 13.Bd4 Qc7 14.e5 Nd5 15.c4 Nf4
16.Bg4 c5 17.Bc3 f5 18.Bh5+ Nxh5 19.Qxh5+ g6 20.Qh6 Bf8 21.Qd2 Be7 22.Rad1 Rb7
23.Qh6 Bf8 24.Qe3 Qc6 25.Rd2 Rg8 26.Rfd1 Rg7 27.b3 Rf7 28.Rd6 Bxd6 29.exd6 Qe4
30.Qxc5 Rf8 31.Re1 Qc6 32.Qd4 Kd8 33.Qh4+  1-0

[Event "22nd Kreuz-Open"]
[Site "Lenk SUI"]
[Date "2010.04.01"]
[Round "1"]
[White "Dietiker,Manuel"]
[Black "Mauron,P"]
[Result "0-1"]
[WhiteElo "1760"]
[BlackElo "2153"]

1.e4 c5 2.Nc3 e6 3.Nf3 Nc6 4.d4 cxd4 5.Nxd4 Qc7 6.Be3 a6 7.a3 Nf6 8.f3 d6
9.Qd2 Be7 10.O-O-O Rb8 11.g4 Nxd4 12.Bxd4 e5 13.Be3 Be6 14.g5 Nh5 15.Nd5 Bxd5
16.Qxd5 b5 17.Bh3 O-O 18.Bg4 Nf4 19.Bxf4 exf4 20.h4 b4 21.a4 Rb6 22.Rh2 Rc6
23.h5 Rc5 24.Qd4 b3 25.c3 Bxg5 26.Qxd6 Qa5 27.Rd5 Rxd5 28.exd5 Qxa4 29.Qa3 Qc4
30.Qb4 Qf1+ 31.Kd2 f5 32.Re2 fxg4 33.Qa4 Qxf3  0-1

[Event "17th TCh-RUS Higher League"]
[Site "Dagomys RUS"]
[Date "2010.04.02"]
[Round "1"]
[White "Gorovykh,E"]
[Black "Ismagambetov,An"]
[Result "0-1"]
[WhiteElo "2446"]
[BlackElo "2508"]

1.e4 c5 2.Nf3 e6 3.d4 cxd4 4.Nxd4 Nc6 5.Nc3 Qc7 6.Be3 a6 7.Qd2 Nf6 8.f3 h5
9.O-O-O Be7 10.f4 b5 11.e5 b4 12.Ncb5 axb5 13.Nxb5 Qa5 14.exf6 gxf6 15.Nd6+ Bxd6
16.Qxd6 Qxa2 17.Bd4 Nxd4 18.Qxd4 Rg8 19.g3 b3 20.Bc4 Qa1+ 21.Kd2 Qa5+ 22.c3 Qa2
23.Rb1 Ba6 24.Bd5 Rb8 25.Qa7 Rc8 26.Qb6 exd5 27.Rhe1+ Kf8 28.Qxf6 Rg7 29.f5 Kg8
30.Qd6 d4 31.Qxd4 Qa5 32.Re5 Qd8 33.f6 Rg6 34.Re7 Qf8 35.Rbe1 Qh6+ 36.Kd1 Rxf6
37.Rxd7 Qg6  0-1

[Event "XXXVII Open"]
[Site "La Roda Albacete ESP"]
[Date "2010.04.02"]
[Round "4"]
[White "Cori,J"]
[Black "Forcen Esteban,D"]
[Result "1-0"]
[WhiteElo "2500"]
[BlackElo "2343"]

1.e4 c5 2.Nf3 e6 3.d4 cxd4 4.Nxd4 Nc6 5.Nc3 Nf6 6.Ndb5 Bb4 7.a3 Bxc3+ 8.Nxc3 d5
9.exd5 exd5 10.Bd3 O-O 11.O-O d4 12.Ne4 Bf5 13.Nc5 Bxd3 14.Nxd3 Nd5 15.Bd2 Qd6
16.Qg4 Rac8 17.Rfd1 b6 18.h4 Rfe8 19.Re1 Nf6 20.Qf3 Qd5 21.Qxd5 Nxd5 22.Rxe8+ Rxe8
23.Rd1 f6 24.Kf1 Kf7 25.Ne1 Nc7 26.a4 Rd8 27.Bc1 Ne6 28.b3 Nc5 29.Ba3 Ne5
30.a5 Kg6 31.g3 Rd7 32.axb6 axb6 33.Ke2 d3+ 34.Nxd3 Nexd3 35.cxd3 Nxb3 36.Rb1 Nd4+
37.Kd2 Nf3+ 38.Ke3 Ne5 39.Rb3 Ra7 40.Bb2 Nd7 41.d4 Kf5 42.Kd3 Ke6 43.g4 h5
44.f3 g6 45.Ke4 Ra4 46.Rb5 hxg4 47.fxg4 Kd6 48.Kd3 Kc6 49.Rb3 Ra8 50.Rc3+ Kd5
51.Rc7 Kd6 52.Rc2 Kd5 53.h5 gxh5 54.gxh5 Rh8 55.Rh2 f5 56.Bc1 Nf6 57.h6 Rh7
58.Rb2 Rb7 59.Rb5+ Ke6 60.Re5+ Kf7 61.Rxf5 Kg6 62.Rb5 Kh7 63.Bg5 Ng8 64.Ke4 Nxh6
65.Bxh6 Kxh6 66.d5 Kg6 67.d6 Kf7 68.Kd5 Ke8 69.Kc6 Rh7 70.Re5+ Kd8 71.Rg5 Ke8
72.Rg8+ Kf7 73.Rb8 Rh1 74.d7 Rc1+ 75.Kb7  1-0

[Event "XXXVII Open"]
[Site "La Roda Albacete ESP"]
[Date "2010.04.02"]
[Round "5"]
[White "Pena Riasco,A"]
[Black "Ramiro Ovejero,J"]
[Result "0-1"]
[WhiteElo "2218"]
[BlackElo "2375"]

1.e4 c5 2.Nf3 e6 3.d4 cxd4 4.Nxd4 Nc6 5.Nc3 Qc7 6.Be3 a6 7.Qd2 Nf6 8.f3 Bb4
9.a3 Be7 10.g4 b5 11.g5 Nh5 12.Nxc6 dxc6 13.f4 h6 14.gxh6 Bh4+ 15.Bf2 Bxf2+
16.Qxf2 Rxh6 17.e5 Bb7 18.Ne4 O-O-O 19.Rd1 Qa5+ 20.Ke2 Rhh8 21.Nd6+ Kb8 22.Nxf7 Rxd1
23.Kxd1 Rf8 24.Be2 Rxf7 25.Bxh5 Rd7+ 26.Kc1 b4 27.Qe3 bxa3 28.bxa3 c5 29.Rd1 Rxd1+
30.Kxd1 Bd5 31.f5 Qd8 32.Kc1 exf5 33.Qxc5 Bb7 34.Bf7 Qg5+ 35.Kb2 f4 36.Qd6+ Ka7
37.e6 Qf6+ 38.c3 f3 39.Qc5+ Ka8 40.Qf8+ Ka7 41.Qc5+ Ka8 42.Qf8+ Ka7 43.e7 Qb6+
44.Bb3 Bd5 45.Qxg7 Qxb3+ 46.Kc1 Qxa3+ 47.Kd2 Qa2+ 48.Kd3 Qe2+ 49.Kd4 Bb7
50.Qg5 Qe4+ 51.Kc5 f2 52.Qf6 Qc6+ 53.Qxc6 Bxc6 54.Kxc6 f1=Q 55.Kd7 Qb5+ 56.Kd8 Qd5+
57.Kc7 Qe6  0-1

[Event "22nd Kreuz-Open"]
[Site "Lenk SUI"]
[Date "2010.04.02"]
[Round "2"]
[White "Mauron,P"]
[Black "Sokolov,And1"]
[Result "0-1"]
[WhiteElo "2153"]
[BlackElo "2563"]

1.e4 c5 2.Nf3 e6 3.d4 cxd4 4.Nxd4 Nc6 5.Nc3 Qc7 6.Be2 Nf6 7.O-O Be7 8.Be3 O-O
9.f4 d6 10.Qe1 a6 11.Qg3 Bd7 12.Kh1 b5 13.a3 Rad8 14.Rae1 Nxd4 15.Bxd4 Bc6
16.Bd3 Qb7 17.b4 Rd7 18.Nd1 Nh5 19.Qg4 Bf6 20.Bg1 g6 21.f5 Re7 22.Re3 Bg7
23.fxg6 fxg6 24.Rxf8+ Kxf8 25.Rf3+ Kg8 26.Qg5 Re8 27.Nf2 d5 28.e5 d4 29.Bxg6 hxg6
30.Qxg6 Bxf3 31.Qxe8+ Kh7  0-1

[Event "Philadelphia Open"]
[Site "Philadelphia USA"]
[Date "2010.04.02"]
[Round "4"]
[White "Friedel,J"]
[Black "Vucic,Ml"]
[Result "1/2-1/2"]
[WhiteElo "2543"]
[BlackElo "2336"]

1.e4 c5 2.Nf3 e6 3.d4 cxd4 4.Nxd4 Nc6 5.Nc3 d6 6.Be3 a6 7.Be2 Nf6 8.O-O Be7
9.f4 Qc7 10.a4 O-O 11.Kh1 Rd8 12.Qe1 Nxd4 13.Bxd4 e5 14.Be3 exf4 15.Rxf4 Be6
16.Qf2 Nd7 17.Nd5 Bxd5 18.exd5 Rf8 19.Rc4 Qd8 20.Rb4 Qc7 21.Rc4 Qd8 22.Rb4 Qc7
23.Ra3 Nc5 24.Rc4 b5 25.axb5 axb5 26.Rb4 Rxa3 27.bxa3 Ra8 28.Rg4 g6 29.Bd4 Qd7
30.Bb2 Ra4 31.Rxa4 bxa4 32.Qd4 f6 33.Bg4 Qb5 34.c4 Qb3 35.Bd1 Qb7 36.h4 Bd8
37.h5 Qe7 38.Qg4 Qe1+ 39.Kh2 Nd3 40.Bd4 f5 41.Qh3 Ne5 42.Bxe5 Qxe5+ 43.Qg3 Qxg3+  1/2-1/2

[Event "17th TCh-RUS Higher League"]
[Site "Dagomys RUS"]
[Date "2010.04.03"]
[Round "2"]
[White "Ozolin,M"]
[Black "Geller,J"]
[Result "0-1"]
[WhiteElo "2383"]
[BlackElo "2534"]

1.e4 c5 2.Nf3 e6 3.d4 cxd4 4.Nxd4 Nc6 5.Nc3 Qc7 6.g3 a6 7.Bg2 Nf6 8.O-O Nxd4
9.Qxd4 Bc5 10.Qd3 d6 11.Na4 Ba7 12.b3 Bd7 13.Ba3 Bb5 14.c4 Bxa4 15.Bxd6 O-O-O
16.Rad1 Bc6 17.Bxc7 Rxd3 18.Rxd3 Kxc7 19.Rfd1 e5 20.h3 Re8 21.Bf3 Bd4 22.Re1 Rd8
23.Kf1 b5 24.Rc1 Kb6 25.c5+ Kc7 26.b4 Nxe4 27.Kg2 Nxf2 28.Rxd4 Bxf3+ 29.Kxf3 Rxd4  0-1

[Event "14th Neckar-Open"]
[Site "Deizisau GER"]
[Date "2010.04.03"]
[Round "5"]
[White "Naiditsch,A"]
[Black "Leon Hoyos,M"]
[Result "1-0"]
[WhiteElo "2691"]
[BlackElo "2521"]

1.e4 c5 2.Nf3 e6 3.d4 cxd4 4.Nxd4 Nc6 5.Nc3 Qc7 6.f4 Nxd4 7.Qxd4 a6 8.Be3 b5
9.O-O-O Bb7 10.Bd3 Rc8 11.Kb1 Nf6 12.e5 Ng4 13.Ne4 Bxe4 14.Bxe4 Bc5 15.Qxc5 Qxc5
16.Bxc5 Rxc5 17.Rd6 Nf2 18.Re1 Rc4 19.Bb7 Ke7 20.g3 a5 21.Bf3 h5 22.Rd2 Ng4
23.h3 Nh6 24.Bxh5 Nf5 25.Be2 Rc7 26.Bxb5 Nxg3 27.Red1 Rd8 28.a4 g6 29.Rd6 Nf5
30.c4 Ra7 31.R6d3 Rc7 32.Ka2 d6 33.b4 axb4 34.exd6+ Nxd6 35.Kb3 Rc5 36.Kxb4 Rf5
37.c5 Rxf4+ 38.Kb3  1-0

[Event "33rd Open"]
[Site "Donostia ESP"]
[Date "2010.04.03"]
[Round "8"]
[White "Meneses Gonzalez,K"]
[Black "Sanchez Dolado,J"]
[Result "0-1"]
[WhiteElo "2117"]
[BlackElo "1966"]

1.e4 c5 2.Nf3 e6 3.d4 cxd4 4.Nxd4 Nc6 5.Nc3 a6 6.Be2 Qc7 7.O-O Nf6 8.Be3 b5
9.a3 Bb7 10.Nxc6 dxc6 11.f4 Rd8 12.Qe1 c5 13.e5 Nd5 14.Nxd5 Bxd5 15.a4 c4
16.Qf2 Qc6 17.axb5 axb5 18.Ra7 Rc8 19.Rfa1 Rc7 20.Ra8+ Rc8 21.R1a6 Qxa8 22.Rxa8 Rxa8
23.Bc5 g6 24.Bd6 Bxd6 25.exd6 O-O 26.Qc5 Rac8 27.Qxb5 Rfd8 28.Qb6 Rd7 29.h4 h5
30.Qd4 Rxd6 31.Qe5 Rcd8 32.Qg5 Be4 33.Bxc4 Rd2 34.Bf1 R8d5 35.f5 Rxc2 36.b4 exf5
37.b5 Rd1 38.b6 Rxg2+ 39.Qxg2 Bxg2 40.Kxg2 Rb1  0-1

[Event "17th TCh-RUS Higher League"]
[Site "Dagomys RUS"]
[Date "2010.04.04"]
[Round "3"]
[White "Gritsenko,An"]
[Black "Ismagambetov,An"]
[Result "0-1"]
[WhiteElo "2388"]
[BlackElo "2508"]

1.e4 c5 2.Nf3 e6 3.d4 cxd4 4.Nxd4 Nc6 5.Nc3 Qc7 6.Be3 a6 7.Qd2 Nf6 8.O-O-O Be7
9.f3 h5 10.Be2 b5 11.Kb1 Bb7 12.Nb3 Ne5 13.Bf4 Rc8 14.Bxe5 Qxe5 15.f4 Qc7
16.e5 b4 17.exf6 bxc3 18.fxg7 Rg8 19.Qd4 cxb2 20.Rd2 h4 21.Rhd1 d5 22.f5 e5
23.Qa4+ Bc6 24.Qg4 Bf6 25.Nc5 Rxg7 26.Qh5 Rxg2 27.Nxa6 Qa5 28.Qh6 Ke7 29.Qe3 Ra8
30.Qb3 Rxa6  0-1

[Event "III Montalvo Mem"]
[Site "Gran Canaria ESP"]
[Date "2010.04.04"]
[Round "9"]
[White "Cabrera Trujillo,J"]
[Black "Martin Hernandez,R"]
[Result "1-0"]
[WhiteElo "2370"]
[BlackElo "1998"]

1.e4 c5 2.Nf3 e6 3.d4 cxd4 4.Nxd4 Nc6 5.Nc3 Qc7 6.Be3 a6 7.Qd2 Nf6 8.f3 h5
9.O-O-O Be7 10.Kb1 b5 11.Be2 Rb8 12.Nxc6 dxc6 13.e5 Nd5 14.Nxd5 cxd5 15.f4 g6
16.g3 Bc5 17.h3 Bxe3 18.Qxe3 Qb6 19.Rd4 b4 20.Rhd1 a5 21.Bf3 Ba6 22.g4 hxg4
23.hxg4 Rc8 24.R1d2 Rh3 25.Qf2 a4 26.Bg2 Rhc3 27.f5 gxf5 28.gxf5 R8c4 29.Rxd5 Rxc2
30.Rxc2 Qxf2 31.Rxf2 exd5 32.Bxd5 Rc5 33.Rd2 Bc8 34.e6 fxe6 35.fxe6 Ke7 36.Rd4 Bxe6
37.Bxe6 Kxe6 38.Rxb4 Ra5 39.Rd4 Ke5 40.Rh4 Kd6 41.Rh6+ Kc7 42.Kc2 Rc5+ 43.Kd3 Rg5
44.Rh4 Rg3+ 45.Kc4 Rg2 46.Rh7+ Kb6 47.Rh6+ Kb7 48.Kc3 Rg4 49.Rd6 Rg3+ 50.Rd3 Rg4
51.Rd4 Rg3+ 52.Kb4 a3 53.b3  1-0

[Event "III Montalvo Mem"]
[Site "Gran Canaria ESP"]
[Date "2010.04.04"]
[Round "9"]
[White "Menvielle Laccourreye,A"]
[Black "Navarro Molina,D"]
[Result "1-0"]
[WhiteElo "2287"]
[BlackElo "1967"]

1.e4 c5 2.Nf3 e6 3.d4 cxd4 4.Nxd4 Nc6 5.Nc3 Qc7 6.Be3 a6 7.Qd2 b5 8.Be2 Nf6
9.a3 Bb7 10.f4 b4 11.axb4 Bxb4 12.Bf3 Na5 13.Qd3 Nc4 14.Bc1 Rc8 15.Ne2 Qc5
16.Kf1 h5 17.Na4 Qc7 18.c3 Be7 19.b3 Na5 20.c4 Nc6 21.Nec3 Nb4 22.Qe2 d6
23.Ba3 a5 24.Rd1 Nd7 25.Nb5 Qb8 26.Bb2 e5 27.Qd2 Rh6 28.fxe5 Nxe5 29.Ke2 Rg6
30.Rhf1 Ba6 31.Nac3 Nxc4 32.bxc4 Rxc4 33.Kf2 Bxb5 34.Nxb5 Qxb5 35.Be2 Qc6
36.Bxc4 Qxc4 37.Kg1 Qxe4 38.Rde1 Qb7 39.Re2 Kf8 40.Rfe1 Nc6 41.Qd5 Qd7 42.Rc1 Nd8
43.Qxa5 Rg5 44.Qa8 Rc5 45.Rce1 Bh4 46.g3 Bf6 47.Bxf6 gxf6 48.Qf3 Rf5 49.Re8+ Kg7
50.Rxd8 Qa7+ 51.Qe3 Qa5 52.Qe8 Qb6+ 53.Kg2 Rf2+ 54.Kh3 Rxh2+ 55.Kxh2 Qf2+
56.Kh3 Qf5+ 57.Kg2  1-0

[Event "1st LUCOPEN"]
[Site "Lille FRA"]
[Date "2010.04.04"]
[Round "2"]
[White "Vallet,Ma"]
[Black "Bratanov,Z"]
[Result "0-1"]
[WhiteElo "2209"]
[BlackElo "2478"]

1.e4 c5 2.Nf3 Nc6 3.d4 cxd4 4.Nxd4 e6 5.Nc3 Qc7 6.g3 a6 7.Bg2 Nf6 8.O-O Bc5
9.Nb3 Be7 10.h3 d6 11.Re1 b5 12.a3 Bb7 13.Bf4 Nd7 14.Nc1 g5 15.Be3 h5 16.Nd3 Nde5
17.f4 Nc4 18.Bf2 h4 19.Nd5 exd5 20.exd5 hxg3 21.Bxg3 Nd4 22.Bf2 Nf5 23.Qg4 Nh6
24.Qxg5 Rg8 25.Qxh6 Bxd5 26.Bg3 Qb7 27.Bxd5 Qxd5 28.Kh2 Nd2 29.Nb4 Qf3 30.Qh4 Ne4
31.Rxe4 Qxe4 32.Qh5 Rxg3 33.Kxg3 O-O-O 34.Qg4+ f5 35.Qg6 Bf6 36.Nd3 Qe6 37.Kh2 Rg8
38.Re1 Qd5 39.Re8+ Rxe8 40.Qxe8+ Kc7 41.Qe2 a5 42.b3 a4 43.Nb4 Qe4 44.Qxe4 fxe4
45.Nd5+ Kc6 46.Nxf6 e3 47.Kg2 b4 48.Ne4 bxa3 49.Nc3 axb3 50.cxb3 Kc5 51.f5 Kb4
52.f6 Kxc3 53.f7 e2 54.f8=Q e1=Q 55.Qc8+ Kb2  0-1

[Event "1st LUCOPEN"]
[Site "Lille FRA"]
[Date "2010.04.04"]
[Round "2"]
[White "Billon,O"]
[Black "Doncea,V"]
[Result "0-1"]
[WhiteElo "2084"]
[BlackElo "2475"]

1.e4 c5 2.Nf3 Nc6 3.Nc3 e6 4.d4 cxd4 5.Nxd4 Nf6 6.Ndb5 Bb4 7.a3 Bxc3+ 8.Nxc3 d5
9.Bd3 O-O 10.Bg5 d4 11.Ne2 Qa5+ 12.Bd2 Qb6 13.O-O Qxb2 14.f4 Qb6 15.Ng3 Bd7
16.e5 Nd5 17.Rb1 Qc7 18.Ne4 f5 19.exf6 Nxf6 20.Qe2 Rae8 21.c3 g6 22.Nxf6+ Rxf6
23.cxd4 Nxd4 24.Qe4 Nf5 25.Qxb7 Qc5+ 26.Kh1 Bc6 27.Qb2 Nh4 28.Rg1 Qf2  0-1

[Event "17th TCh-RUS Higher League"]
[Site "Dagomys RUS"]
[Date "2010.04.05"]
[Round "4"]
[White "Gorovykh,E"]
[Black "Geller,J"]
[Result "1/2-1/2"]
[WhiteElo "2446"]
[BlackElo "2534"]

1.e4 c5 2.Nf3 e6 3.d4 cxd4 4.Nxd4 Nc6 5.Nc3 Qc7 6.Be3 a6 7.Qd2 Nf6 8.O-O-O Be7
9.f4 b5 10.e5 b4 11.exf6 bxc3 12.Qxc3 Bxf6 13.g4 h6 14.h4 Bb7 15.Rh2 Rc8
16.Qd2 g5 17.fxg5 hxg5 18.Rf2 Bxd4 19.Bxd4 Nxd4 20.Qxd4 e5 21.Re1 d6 22.hxg5 Rh1
23.Qd2 Qc5 24.g6 fxg6 25.Bd3 Rxe1+ 26.Qxe1 g5 27.Qf1 Rc7 28.Rf8+ Kd7 29.Qf5+ Kc6
30.Qxg5 Kb6 31.Rf1 Qd4 32.Bf5 e4 33.Qd2 Qc5 34.Rd1 d5 35.Qd4 Qxd4 36.Rxd4 Kc5
37.c3 Bc8 38.b4+ Kd6 39.Bxe4 Ke5 40.Bc2 Rxc3 41.Rd3  1/2-1/2

[Event "12th Open"]
[Site "Dubai UAE"]
[Date "2010.04.05"]
[Round "1"]
[White "Nouman,A"]
[Black "Kulkarni,C"]
[Result "1-0"]
[WhiteElo "1708"]
[BlackElo "2301"]

1.e4 c5 2.Nf3 e6 3.d4 cxd4 4.Nxd4 Nc6 5.Nc3 Qc7 6.Be3 a6 7.a3 Nf6 8.Be2 Be7
9.O-O O-O 10.Qd2 d6 11.f3 Bd7 12.Rad1 b5 13.Na2 Ne5 14.Bf2 Rfd8 15.Rfe1 Rac8
16.c3 d5 17.exd5 Nxd5 18.Nb4 Nxb4 19.axb4 Ng6 20.Qc1 Bd6 21.g3 h5 22.Kg2 h4
23.Nb3 Bc6 24.Nc5 Ra8 25.Qe3 Ne5 26.Ra1 Ng4 27.Qg5 h3+ 28.Kg1 Nxf2 29.Kxf2 Qb6
30.Qh5 a5 31.Kf1 g6 32.Qxh3 Bxc5 33.bxc5 Qxc5 34.Qh6 Rd5 35.h4 a4 36.Rac1 Qd6
37.Kf2 Rd8 38.Qe3 Re5 39.Qb6 Qc5+ 40.Qxc5 Rxc5 41.Rcd1 Bd5 42.Rd2 Ra8 43.Rc1 a3
44.bxa3 Rxa3 45.Rb2 Bc6 46.Rbc2 e5 47.c4 b4 48.Rb2 b3 49.Rcb1 Ba4 50.Bd1 Ra2
51.Ke1 Rxc4 52.Bxb3 Rxb2 53.Rxb2 Rb4 54.Bxf7+  1-0